| 000 | 00448nam a2200157 i 4500 | ||
|---|---|---|---|
| 001 | 88612 | ||
| 003 | ES-MaACL | ||
| 005 | 20230906175907.0 | ||
| 007 | t| | ||
| 008 | 050105s1962 fr ||||1| fre d | ||
| 100 | 1 |
_aLane-Schneider, Marjorie. _969991 |
|
| 245 | 1 | 0 |
_aEchos et chants nouveaux / _cMarjorie Lane-Schneider. |
| 260 |
_aParis : _b[s.n., _c1962] ( _fDurand) |
||
| 300 |
_a86 p., 7 lám. ; _c25 cm. |
||
| 852 |
_aES-MaACL _jC-22520 _bR.51467 |
||
| 999 |
_c88612 _d88612 |
||